Bekannte Sehenswürdigkeiten weltweit #1 - Statistiken

Allgemein
  • Dieses Quiz wurde 564 mal gespielt
  • Das Durchschnittsergebnis liegt bei 8 aus 12
Antwortstatistiken
Bildquiz Antwort % Korrekt
Eiffelturm
100%
Freiheitsstatue
95%
Golden Gate Bridge
88%
Louvre
80%
Kolosseum
77%
Empire State Building
75%
London Eye
75%
Schloss Neuschwanstein
69%
Sagrada Família
44%
Versailles
31%
One World Trade Center
19%
Oper von Sydney
11%
Keine übereinstimmenden Quizze gefunden
Verteilung der Resultate
Anzahl Personen mit jedem Resultat
Perzentil nach korrekt beantworteten Fragen
Ihre Resultats-Entwicklung
Sie haben dieses Quiz noch nicht gespielt